000 00667nam a22001697a 4500
999 _c14738
_d14738
008 191121b ||||| |||| 00| 0 eng d
082 _22019
_aUT 1350
_bSa77
100 _aSarvida, Arcilyn E.
_940692
245 _aRelationship Marketing of Sales Agents of Insurance Companies in Digos City/
_cArcilyn E. Sarvida, Emie Joy M. Busmeon and Shelwin H. Navarez
260 _aDigos City
_bUMDC
_cJune 2019
300 _a61 pages
_c30cm
650 _aBusiness Administration
_vMarketing Management
_xUndergraduate Thesis
_940693
700 _aSarvida, Arcilyn E.
_940694
700 _aBusmeon, Emie Joy M.
_940695
700 _aNavarez, Shelwin H.
_940696
942 _2ddc
_cUT